00679cam a2200217 a 4500001000800000005001700008008004100025010001700066040001800083041000800101080001700109082002100126100000600147101000800153245008100161504002900242906004500271942001200316999001700328952011600345238365920180213073106.0850820s1981 kyua b s100 0 eng  a 84622441  aDLCcDLCdDLC aeng a636.089 FRE00a636.089 FRE219 a4 aSHM00aSystems approach to animal health and production /c[Fred W. Knapp, editor]. aIncludes bibliographies. a7bcbccorignewd3encipf19gy-gencatlg 2ddccBK c42392d42392 00102udc40708PËKGa002b002cPËKGd2018-02-13l0o636.089 FREp002-2997433r2018-02-13w2018-02-13yBK